| 000 -LEADER |
| fixed length control field |
01257nam a2200385 i 4500 |
| 001 - CONTROL NUMBER |
| control field |
021440515 |
| 003 - CONTROL NUMBER IDENTIFIER |
| control field |
UkOxU |
| 005 - DATE AND TIME OF LATEST TRANSACTION |
| control field |
20190802114053.0 |
| 008 - FIXED-LENGTH DATA ELEMENTS--GENERAL INFORMATION |
| fixed length control field |
090605s2003 nyu 001 0 eng|d |
| 020 ## - INTERNATIONAL STANDARD BOOK NUMBER |
| International Standard Book Number |
0415944872 |
| Qualifying information |
paperback |
| Terms of availability |
25.99 |
| 020 ## - INTERNATIONAL STANDARD BOOK NUMBER |
| International Standard Book Number |
9780415944878 |
| Qualifying information |
paperback |
| Terms of availability |
25.99 |
| 035 ## - SYSTEM CONTROL NUMBER |
| System control number |
(UKLoRHUL)000679485ROY01-Aleph |
| 035 ## - SYSTEM CONTROL NUMBER |
| System control number |
(UkLoRHUL)990006794850402671 |
| 035 ## - SYSTEM CONTROL NUMBER |
| System control number |
(UkLoRLUK)9990006794850402671 |
| 038 ## - RECORD CONTENT LICENSOR |
| Record content licensor |
UkLoRLUK |
| 040 ## - CATALOGING SOURCE |
| Language of cataloging |
eng |
| Description conventions |
rda |
| Modifying agency |
UkOxU |
| Transcribing agency |
KH8 |
| 049 ## - LOCAL HOLDINGS (OCLC) |
| Local processing data |
c |
| 082 04 - DEWEY DECIMAL CLASSIFICATION NUMBER |
| Classification number |
306.2 GID |
| Edition number |
22 |
| 100 1# - MAIN ENTRY--PERSONAL NAME |
| Personal name |
Giddens, Anthony, |
| Relator term |
author. |
| 245 10 - TITLE STATEMENT |
| Title |
Runaway world : |
| Remainder of title |
how globalisation is reshaping our lives / |
| Statement of responsibility, etc. |
Anthony Giddens. |
| 250 ## - EDITION STATEMENT |
| Edition statement |
[2nd ed.]. |
| 264 #1 - PRODUCTION, PUBLICATION, DISTRIBUTION, MANUFACTURE, AND COPYRIGHT NOTICE |
| Place of production, publication, distribution, manufacture |
New York : |
| Name of producer, publisher, distributor, manufacturer |
Routledge, |
| Date of production, publication, distribution, manufacture, or copyright notice |
[2003?] |
| 264 #4 - PRODUCTION, PUBLICATION, DISTRIBUTION, MANUFACTURE, AND COPYRIGHT NOTICE |
| Date of production, publication, distribution, manufacture, or copyright notice |
©2003 |
| 300 ## - PHYSICAL DESCRIPTION |
| Extent |
xxxiii, 104 pages ; |
| Dimensions |
20 cm |
| 336 ## - CONTENT TYPE |
| Content type term |
text |
| Source |
rdacontent |
| 337 ## - MEDIA TYPE |
| Media type term |
unmediated |
| Source |
rdamedia |
| 338 ## - CARRIER TYPE |
| Carrier type term |
volume |
| Source |
rdacarrier |
| 500 ## - GENERAL NOTE |
| General note |
Previous ed.: London: Profile, 1999; New York: Routledge, 2000. |
| 504 ## - BIBLIOGRAPHY, ETC. NOTE |
| Bibliography, etc. note |
Includes bibliographical references and index. |
| 650 #0 - SUBJECT ADDED ENTRY--TOPICAL TERM |
| Topical term or geographic name entry element |
Political sociology. |
| 650 #0 - SUBJECT ADDED ENTRY--TOPICAL TERM |
| Topical term or geographic name entry element |
Globalization |
| General subdivision |
Social aspects. |
| 650 #0 - SUBJECT ADDED ENTRY--TOPICAL TERM |
| Topical term or geographic name entry element |
International economic relations |
| General subdivision |
Social aspects. |
| 942 ## - ADDED ENTRY ELEMENTS (KOHA) |
| Source of classification or shelving scheme |
|
| Koha item type |
Books - Non Ficton |